Countries with European Badgers - Statistics

General Stats
  • This quiz has been taken 71 times
  • The average score is 44 of 50
Answer Stats
Continent Country % Correct
Europe United Kingdom
96%
Europe Belgium
94%
Europe Bulgaria
94%
Europe Greece
94%
Asia/ Europe Russia
94%
Asia/ Europe Turkey
94%
Europe Ukraine
94%
Europe Andorra
92%
Europe Finland
92%
Europe Germany
92%
Europe Romania
92%
Europe Sweden
92%
Europe Albania
90%
Europe Austria
90%
Europe Croatia
90%
Europe Denmark
90%
Europe Estonia
90%
Europe France
90%
Europe Ireland
90%
Europe Italy
90%
Europe Latvia
90%
Europe Lithuania
90%
Europe Norway
90%
Europe Poland
90%
Europe Spain
90%
Asia Armenia
88%
Europe Portugal
88%
Europe Slovakia
88%
Europe Slovenia
88%
Europe Czech Republic
86%
Europe Serbia
86%
Europe the Netherlands
86%
Asia Azerbaijan
84%
Europe Bosnia and Herzegovina
84%
Europe Hungary
84%
Europe Luxembourg
84%
Europe Montenegro
84%
Europe Switzerland
84%
Europe Belarus
82%
Asia Iraq
82%
Europe Kosovo
82%
Europe Moldova
82%
Europe North Macedonia
82%
Asia Georgia
80%
Asia Iran
80%
Asia Lebanon
80%
Asia Syria
80%
Asia Afghanistan
76%
Asia Turkmenistan
67%
Asia Tajikistan
65%
No matching quizzes found
Score Distribution
Percent of People with Each Score
Percentile by Number Answered
Your Score History
You have not taken this quiz